000 00339 a2200133 4500
000 nam a22 7a 4500
100 _aMoss, S
110 _aMoss, S
245 _aEntertainment Management: Towards Best Practice
250 _aLatest edition
260 _b CAB International
_c2014
264 _b CAB International
_c2014
942 _cBK
999 _c395703
_d395703